00632 a2200157 45000010006000000050017000060080041000230030015000640400040000790800082001192450046002012640108002473000018003550410008003731000093003813003220260407155611.0260407a1991 arg spa dAR-UNSa-BCEJYS aAR-UNSa-BCEJYSbspacAR-UNSa-BCEJYS a06.055xPublicaciones, informes concernientes al trabajo de la organización10aInforme del Decanatopgestión 1989-1991 1aSalta :bUniversidad Nacional de Salta. Facultad de Ciencias Económicas, Jurídicas y Socialesc1991 a73 p.c24 cm. aspa1 aUniversidad Nacional de Salta. Facultad de Ciencias Económicas, Jurídicas y Sociales